000 00540nam a2200217Ia 4500
008 160319s9999 xx 000 0 und d
020 _a971-11-1013-X
050 _aFIL HA 29
050 _b.M37 1999
100 _aMartin, Matt L.
245 _aBusiness statistics for MBA :
245 _bwith computer applications /
245 _cMatt L. Martin.
260 _aQuezon City:
260 _bJMC Press Inc.,
260 _c1999
300 _a216 pages :
300 _billustrations ;
300 _c25 cm.
650 _aStatistics.
999 _c291868
_d291868